LEADER 00965nas a2200253 i 4500 001 991002487299707536 005 20231114120546.0 008 011205m19359999 || | |eng 035 $ab11667035-39ule_inst 035 $aocm00000002$9ExL 040 $aDip.to Beni Culturali$bita 080 $aCDU 930.26 229 4$aThe Athenian Agorá 245 04$aThe Athenian Agorá :$bResults of excavations conducted by the American School of Classical Studies at Athens /$cAmerican School of Classical Studies, Atene. - 1935- 260 $aPrinceton,$c1935- 591 $aCodice CNR: P 00041519 592 $aLE001 1953- 710 2 $aAmerican School of Classical Studies 907 $a.b11667035$b02-04-14$c08-07-02 912 $a991002487299707536 945 $aLE001 AR IX 15$g1$lle001$o-$pE0.00$q-$rn$so $t18$u0$v0$w0$x0$y.i11891361$z08-07-02 996 $aAthenian Agora$972865 997 $aUNISALENTO 998 $ale001$b01-01-01$cs$da $e-$feng$gus $h4$i1 LEADER 01388nam0 22003251i 450 001 UON00436968 005 20231205104932.799 010 $a978-15-647-8865-8 100 $a20140324d2013 |0itac50 ba 101 $aeng 102 $aUS 105 $a|||| 1|||| 200 1 $aˆA ‰day in the life, and other stories$fSenji Kuroi$gTranslated by Giles Murray 210 $aChampaign$cDalkey Archive Press$d2013 215 $a230 p.$d22 cm 312 $aTit. orig.$9UON00436972 500 0$3UON00436972$aIchinichi yume no saku, 2006$928776 606 $aLetteratura giapponese$xNarrativa$xSec. XX-XXI$3UONC054576$2FI 606 $aLETTERATURA GIAPPONESE$xNOVELLISTICA$xSEC. XX-XXI$xTESTI$3UONC067853$2FI 620 $aUS$dChampaign (Illinois)$3UONL002082 686 $aGIA VI BA$cGiappone - Letteratura moderna e contemporanea - Testi$2A 700 0$aKUROI Senji$3UONV026026$0712369 702 1$aMURRAY$bGiles$3UONV220644 712 $aDalkey Archive Press$3UONV271469$4650 801 $aIT$bSOL$c20260220$gRICA 899 $aSIBA - SISTEMA BIBLIOTECARIO DI ATENEO E ARCHIVIO STORICO$2UONSI 912 $aUON00436968 950 $aSIBA - SISTEMA BIBLIOTECARIO DI ATENEO E ARCHIVIO STORICO$dSI GIA VI BA 1262 N $eSI 8865 7 1262 N 996 $aIchinichi yume no saku, 2006$928776 997 $aUNIOR